000 00458nam a22001217a 4500
999 _c21550
_d21550
008 240912b ||||| |||| 00| 0 eng d
100 _aGoyal, Gerry L.
_eauthor.
_960818
245 _aBatang masbatenya, huwarang atleta! /
_cGerry L. Goyal.
260 _aPhilippines;
_bPublishers Association of the Philippines, Inc.,
_cJanuary 2020.
300 _aVolume 168, pages 293-294,
_billustration.
700 _aGoyal, Gerry L.
_eauthor.
_960818
942 _2ddc
_cPER